<?xml version="1.0" encoding="UTF-8"?><?xml-stylesheet type="text/xsl" href="static/style.xsl"?><OAI-PMH xmlns="http://www.openarchives.org/OAI/2.0/" xmlns:xsi="http://www.w3.org/2001/XMLSchema-instance" xsi:schemaLocation="http://www.openarchives.org/OAI/2.0/ http://www.openarchives.org/OAI/2.0/OAI-PMH.xsd"><responseDate>2026-05-14T06:44:35Z</responseDate><request verb="GetRecord" identifier="oai:riubu.ubu.es:10259/6284" metadataPrefix="marc">https://riubu.ubu.es/oai/request</request><GetRecord><record><header><identifier>oai:riubu.ubu.es:10259/6284</identifier><datestamp>2021-12-15T01:00:22Z</datestamp><setSpec>com_10259.4_103</setSpec><setSpec>com_10259.4_1</setSpec><setSpec>com_10259_2604</setSpec><setSpec>col_10259_6276</setSpec></header><metadata><record xmlns="http://www.loc.gov/MARC21/slim" xmlns:doc="http://www.lyncode.com/xoai" xmlns:xsi="http://www.w3.org/2001/XMLSchema-instance" xmlns:dcterms="http://purl.org/dc/terms/" xsi:schemaLocation="http://www.loc.gov/MARC21/slim http://www.loc.gov/standards/marcxml/schema/MARC21slim.xsd">
<leader>00925njm 22002777a 4500</leader>
<datafield tag="042" ind1=" " ind2=" ">
<subfield code="a">dc</subfield>
</datafield>
<datafield tag="720" ind1=" " ind2=" ">
<subfield code="a">Ramos Merino, Juan Luis</subfield>
<subfield code="e">author</subfield>
</datafield>
<datafield tag="720" ind1=" " ind2=" ">
<subfield code="a">Basterretxea, Idoia</subfield>
<subfield code="e">author</subfield>
</datafield>
<datafield tag="260" ind1=" " ind2=" ">
<subfield code="c">2015</subfield>
</datafield>
<datafield tag="520" ind1=" " ind2=" ">
<subfield code="a">Desde su fundación existía en la Iglesia burgense conciencia&#xd;
de la importancia de la conservación de su patrimonio documental&#xd;
como garante de sus derechos y testimonio de su historia.&#xd;
En este trabajo se estudia la localización, contenido y organización,&#xd;
de los diferentes depósitos muebles que albergaba la sede a lo largo&#xd;
de la Edad Media, desde el año 1188, momento del que data la primera&#xd;
alusión al armarium, hasta finales del siglo XV. Por otra&#xd;
parte, queremos ofrecer el perfil de aquellos miembros del cabildo en -&#xd;
cargados de la conservación de los fondos mediante su custodia y&#xd;
organización.</subfield>
</datafield>
<datafield tag="520" ind1=" " ind2=" ">
<subfield code="a">Since its foundation, the Burgos Cathedral council was&#xd;
fully aware of the importance of the preservation of its documentary&#xd;
heritage as the guarantor of their rights and as testimony of the&#xd;
history of the Cathedral. In this paper we will study the location,&#xd;
content and organization of the different record chests held in the&#xd;
Cathedral See throughout the Middle Ages, from the year 1188,&#xd;
when the first reference to the armarium is dated, until the late 15th&#xd;
century. Moreover, we want to provide the profile of those Cathedral&#xd;
council members in charge of conserving the funds by means of their&#xd;
custody and organization.</subfield>
</datafield>
<datafield tag="024" ind2=" " ind1="8">
<subfield code="a">0211-8998</subfield>
</datafield>
<datafield tag="024" ind2=" " ind1="8">
<subfield code="a">http://hdl.handle.net/10259/6284</subfield>
</datafield>
<datafield ind1=" " ind2=" " tag="653">
<subfield code="a">Archivos</subfield>
</datafield>
<datafield ind1=" " ind2=" " tag="653">
<subfield code="a">Archiveros</subfield>
</datafield>
<datafield ind1=" " ind2=" " tag="653">
<subfield code="a">Burgos</subfield>
</datafield>
<datafield ind1=" " ind2=" " tag="653">
<subfield code="a">Catedral</subfield>
</datafield>
<datafield ind1=" " ind2=" " tag="653">
<subfield code="a">Edad Media</subfield>
</datafield>
<datafield ind1=" " ind2=" " tag="653">
<subfield code="a">Archives</subfield>
</datafield>
<datafield ind1=" " ind2=" " tag="653">
<subfield code="a">Archivists</subfield>
</datafield>
<datafield ind1=" " ind2=" " tag="653">
<subfield code="a">Cathedral</subfield>
</datafield>
<datafield ind1=" " ind2=" " tag="653">
<subfield code="a">Middle Ages</subfield>
</datafield>
<datafield tag="245" ind1="0" ind2="0">
<subfield code="a">El archivo de la Catedral de Burgos en la Edad Media (siglos XII-XV)</subfield>
</datafield>
</record></metadata></record></GetRecord></OAI-PMH>